El calor
সংরক্ষণ করুন:
| বিন্যাস: | গ্রন্থ |
|---|---|
| ভাষা: | স্প্যানিশ |
| প্রকাশিত: |
Barcelona
Planeta-De Agostini
1992
|
| মালা: | Ciencia Recreativa, 3
|
| বিষয়গুলি: | |
| ট্যাগগুলো: |
ট্যাগ যুক্ত করুন
কোনো ট্যাগ নেই, প্রথমজন হিসাবে ট্যাগ করুন!
|
MARC
| LEADER | 00000nam a2200000 a 4500 | ||
|---|---|---|---|
| 001 | UCH9610 | ||
| 003 | CL-VaPUC | ||
| 008 | 100114e19920000SP |||||||||||||||||spa|d | ||
| 020 | |a 8439519095 | ||
| 082 | 0 | 4 | |a 793.8 |b CAL |2 21 |
| 245 | 1 | 3 | |a El calor |
| 300 | |a 29 p | ||
| 942 | |c BK | ||
| 945 | |d 20100114 00:00:00 |a dcastane | ||
| 260 | |a Barcelona |b Planeta-De Agostini |c 1992 | ||
| 650 | 7 | |a RECREACION |2 CL-VaPUC |9 546776 | |
| 650 | 0 | |a Juegos educativos |9 307366 | |
| 650 | 0 | |a Educación científica |9 307484 | |
| 650 | 7 | |a EXPERIMENTOS CIENTIFICOS |2 CL-VaPUC |9 320167 | |
| 583 | |a last modification |c 20170612 05:05:15 |k Rodrigo Vera | ||
| 490 | 0 | |a Ciencia Recreativa, 3 | |
| 999 | |c 339531 |d 339529 | ||